000 00557nmm a2200169Ia 4500
008 251105s9999||||xx |||||||||||||||||und||
020 _a9788476589137
041 _aspa
100 _aCavarero, Adriana
245 0 _aHorrorismo :
_b Nombrando la violencia contemporánea
264 _a[Madrid, España] :
_bAnthropos,
_c2009
300 _a192 páginas
490 _aPensamiento crítico / Pensamiento utópico: argumentos de la política
650 _aSocial Sciences (General)
856 _uhttps://public.digitaliapublishing.com/a/13305
942 _cCF
999 _c85231
_d85231